testruction sheshounet - Statistiques

Statistiques générales
  • Ce quiz a été pris 2 fois
  • Le résultat moyen est 8 sur 111
Statistiques - réponses
Réponse % Correct
god of war
100%
among us
50%
battlefield 2042
50%
call of duty black ops 3
50%
call of duty black ops 4
50%
call of duty modern warfare
50%
call of duty modern warfare 2
50%
call of duty vanguard
50%
days gone
50%
god of war ragnarok
50%
league of legends
50%
rainbow six siege
50%
red dead redemption 2
50%
star wars battlefront
50%
apex legends
0%
assasin's creed odyssey
0%
assasin's creed origins
0%
assasin's creed valhalla
0%
back 4 blood
0%
borderlands 3
0%
call of duty warzone
0%
cyberpunk 2077
0%
dark soul 3
0%
deathloop
0%
death stranding
0%
demon's souls
0%
destiny 2
0%
deus ex : mankind divided
0%
devil may cry 5
0%
dishonored 2
0%
dishonored : la mort de l'outsider
0%
doom
0%
dying light 2
0%
dying light : the following
0%
elden ring
0%
fall out 4
0%
fallout 76
0%
far cry 5
0%
far cry 6
0%
far cry new dawn
0%
far cry primal
0%
final fantasy VII
0%
ghost of tsushima
0%
ghost recon breakpoint
0%
ghost recon wildlands
0%
gotham knights
0%
half life alyx
0%
halo infinite
0%
hitman 2
0%
hitman 3
0%
horizon forbidden west
0%
horizon zero dawn
0%
jurassic world evolution
0%
just cause 4
0%
kingdom come deliverance
0%
kirby et le monde oublié
0%
la terre du milieu l'ombre de la guerre
0%
les gardiens de la galaxie
0%
mafia 3
0%
mafia definitive edition
0%
man of medan
0%
mario 3d world & bowser's fury
0%
marvel's avenger
0%
mass effect andromeda
0%
mirror's edge catalyst
0%
monster hunter iceborne
0%
monster hunter rise
0%
monster hunter world
0%
mordhau
0%
outlast 2
0%
overwatch
0%
overwatch 2
0%
phasmophobia
0%
pokemon arceus
0%
pokemon epée et bouclier
0%
pokemon let's go
0%
pokemon snap
0%
pokemon unite
0%
pokemon violet écarlate
0%
prey
0%
rage 2
0%
red dead online
0%
resident evil 2
0%
resident evil 3
0%
resident evil 5
0%
resident evil 7
0%
resident evil village
0%
rise of the tomb raider
0%
saint row
0%
sekiro shadows die twice
0%
shadow of the tomb raider
0%
shadow warrior 2
0%
shenmue
0%
spider-man
0%
spiderman miles morales
0%
star wars battlefront 2
0%
star wars jedi : fallen order
0%
state of decay 2
0%
stray
0%
the callisto protocol
0%
the last of us
0%
the last of us 2
0%
the quarry
0%
the walking dead saints & sinners
0%
the witcher 3
0%
valheim
0%
valorant
0%
watch dogs 2
0%
watch dogs legion
0%
zelda : breath of the wild
0%
zelda skyward sword
0%
Aucun quiz correspondant
Distribution des résultats
% des personnes avec chaque résultat
Percentile par nombre de réponses
Votre historique - résultats
Vous n’avez pas pris ce quiz